[Event "Hannover-ch U16/18"]
[Site "Stadthagen"]
[Date "2009.10.03"]
[Round "2"]
[White "Nuelle, Christoph"]
[Black "Fedderke, Christoph"]
[Result "1-0"]
[WhiteElo "1582"]
[BlackElo "1537"]
[PlyCount "49"]
[EventDate "2009.10.03"]
[EventType "swiss"]
[EventRounds "7"]
[EventCountry "GER"]
[SourceTitle "EXT 2021"]
[Source "ChessBase"]
[SourceDate "2020.10.23"]
[SourceVersion "1"]
[SourceVersionDate "2020.10.23"]
[SourceQuality "1"]

1. e4 e5 2. Nf3 Nc6 3. Bb5 d6 4. Bxc6+ bxc6 5. d4 f6 6. 0-0 Bb7 7. Nc3 g6 8. Be3 Bg7 9. Re1 Ne7 10. Qd2 0-0 11. Bh6 Qd7 12. Bxg7 Kxg7 13. dxe5 f5 14. e6 Qe8 15. Ng5 Bc8 16. Qd4+ Kg8 17. Nf7 Rxf7 18. exf7+ Qxf7 19. e5 c5 20. Qe3 f4 21. Qf3 Rb8 22. exd6 cxd6 23. Ne4 Bb7 24. Qd3 c4 25. Qxd6 1-0

[Event "Niedersachsen-chT U16"]
[Site "Verden an der Aller"]
[Date "2009.05.21"]
[Round "2.2"]
[White "Fedderke, Christoph"]
[Black "Vogel, Jannis"]
[Result "1-0"]
[WhiteElo "1464"]
[BlackElo "1513"]
[PlyCount "149"]
[EventDate "2009.05.21"]
[EventType "team-tourn"]
[EventRounds "5"]
[EventCountry "GER"]
[SourceTitle "EXT 2010"]
[Source "ChessBase"]
[SourceDate "2010.11.25"]
[SourceVersion "1"]
[SourceVersionDate "2010.11.25"]
[SourceQuality "1"]
[WhiteTeam "Bueckeburg"]
[BlackTeam "Hagen"]
[WhiteTeamCountry "GER"]
[BlackTeamCountry "GER"]

1. d4 g6 2. c4 Bg7 3. Nc3 Nf6 4. e4 d6 5. Nf3 0-0 6. h3 e5 7. d5 Ne8 8. g4 a5 9. Be3 Na6 10. g5 f5 11. gxf6 Nxf6 12. Be2 Nh5 13. Bf1 Qf6 14. Nd2 Bh6 15. Qe2 Nf4 16. Qf3 Nb4 17. Kd1 Bd7 18. a3 Na6 19. Kc2 Bg7 20. Ne2 Nc5 21. Ng3 Rf7 22. h4 Nxd5 23. cxd5 Qxf3 24. Nxf3 Rxf3 25. Bg2 Rff8 26. Raf1 Ba4+ 27. Kb1 Nd3 28. f3 Nf4 29. Bh3 h5 30. Rf2 Kh7 31. Ne2 Nxe2 32. Rxe2 Rxf3 33. Be6 Raf8 34. Rhh2 Bb3 35. Kc1 Rxe3 36. Rxe3 Bh6 37. Rhh3 Bxe3+ 38. Rxe3 Rf1+ 39. Kd2 Ba4 40. b3 Bb5 41. a4 Be8 42. Bc8 c6 43. Bxb7 c5 44. Bc6 Rf8 45. Rd3 Kg7 46. Kc3 Rf4 47. Bxe8 Rxe4 48. Rh3 Rd4 49. Rg3 Rg4 50. Rxg4 hxg4 51. Bb5 Kf6 52. Bf1 Kf5 53. Kd2 Kf4 54. Ke2 Ke4 55. Bg2+ Kd4 56. Kd2 e4 57. Ke2 Kxd5 58. Ke3 Ke5 59. Bxe4 d5 60. Bxg6 d4+ 61. Kd3 Kf4 62. h5 Kg5 63. Ke2 g3 64. Kf1 d3 65. Bxd3 Kxh5 66. Kg2 Kg4 67. Be4 Kf4 68. Bb7 Ke3 69. Kxg3 Kd3 70. Bd5 Kd4 71. Bg8 Kc3 72. Kf4 Kd4 73. Kf5 Kc3 74. Ke5 Kb4 75. Kd6 1-0

[Event "Hannover-ch U14"]
[Site "Bueckeburg"]
[Date "2007.11.02"]
[Round "3"]
[White "Fedderke, Christoph"]
[Black "Krause, Maximilian"]
[Result "0-1"]
[WhiteElo "1269"]
[BlackElo "1362"]
[PlyCount "120"]
[EventDate "2007.11.01"]
[EventType "swiss"]
[EventRounds "7"]
[EventCountry "GER"]
[SourceTitle "EXT 2021"]
[Source "ChessBase"]
[SourceDate "2020.10.23"]
[SourceVersion "1"]
[SourceVersionDate "2020.10.23"]
[SourceQuality "1"]

1. d4 d5 2. c4 c6 3. Nc3 Nf6 4. Bg5 h6 5. Bh4 Bf5 6. Nf3 Nbd7 7. e3 Qb6 8. b3 e6 9. c5 Qc7 10. Bd3 Bxd3 11. Qxd3 Be7 12. Bg3 Qd8 13. Rb1 0-0 14. 0-0 Nh5 15. h3 Nxg3 16. fxg3 Qc7 17. g4 e5 18. Qc2 e4 19. Nd2 Bg5 20. Rbe1 Qg3 21. Kh1 Rfe8 22. Ncxe4 dxe4 23. Nxe4 Qc7 24. Nxg5 hxg5 25. Qf5 f6 26. Qg6 Nf8 27. Qd3 Rad8 28. e4 Ne6 29. d5 Nxc5 30. Qc4 cxd5 31. exd5 Kh8 32. b4 Ne6 33. Qxc7 Nxc7 34. Rxe8+ Nxe8 35. Rd1 Nd6 36. g3 Rc8 37. Re1 Re8 38. Re6 Rxe6 39. dxe6 Kg8 40. Kh2 Kf8 41. h4 gxh4 42. gxh4 Ke7 43. Kg3 Kxe6 44. Kf4 Nb5 45. g5 fxg5+ 46. Kxg5 Kf7 47. h5 Nc3 48. a3 Nb1 49. a4 Nc3 50. a5 Na2 51. b5 Nc3 52. a6 b6 53. h6 gxh6+ 54. Kxh6 Ke6 55. Kg5 Kd5 56. Kf5 Nxb5 57. Kf4 Nc7 58. Ke3 Nxa6 59. Kd3 Nc5+ 60. Kc3 a6 0-1